El daño involuntario: indemnización de equidad
Αποθηκεύτηκε σε:
| Κύριος συγγραφέας: | |
|---|---|
| Μορφή: | Βιβλίο |
| Γλώσσα: | Ισπανικά |
| Έκδοση: |
Buenos Aires
Astrea
1973
|
| Έκδοση: | 1a. ed |
| Θέματα: | |
| Ετικέτες: |
Προσθήκη ετικέτας
Δεν υπάρχουν, Καταχωρήστε ετικέτα πρώτοι!
|
MARC
| LEADER | 00000cam a2200000 a 4500 | ||
|---|---|---|---|
| 001 | UCC5762 | ||
| 003 | CL-VaPUC | ||
| 008 | 181026e19730000ag |||||||||||||||||spa|d | ||
| 082 | 0 | 4 | |a 346.03 |b PAL |2 21 |
| 100 | |a Palmero, Juan Carlos |e autor |9 600117 | ||
| 245 | 1 | 3 | |a El daño involuntario: indemnización de equidad |
| 250 | |a 1a. ed | ||
| 300 | |a 205 p | ||
| 942 | |c BK | ||
| 945 | |d 20181026 16:22:00 |a dcastane | ||
| 260 | |a Buenos Aires |b Astrea |c 1973 | ||
| 650 | 7 | |a INDEMNIZACION DE PERJUICIOS |2 CL-VaPUC |9 357521 | |
| 650 | 7 | |a PERJUICIOS |2 CL-VaPUC |9 600118 | |
| 650 | 0 | |a Obligaciones |9 255578 | |
| 583 | |a last modification |c 20181026 16:22:00 |k Rodrigo Vera | ||
| 999 | |c 372876 |d 372874 | ||
| 952 | |0 0 |1 0 |3 erb |4 0 |6 346_030000000000000_PAL_1973 |7 0 |8 A |9 490750 |a BIBDER |b BIBDER |i 5490030 |l 3 |o 346.03 PAL 1973 |p 5490030 |r 2024-06-19 |s 2024-06-19 |w 2019-11-24 |y BK |z Catalogado en:20181026 |k DER | ||